Advanced Economic Theory (Record no. 10470)

MARC details
000 -LEADER
fixed length control field 00394nam a22001697a 4500
003 - CONTROL NUMBER IDENTIFIER
control field OSt
008 - FIXED-LENGTH DATA ELEMENTS--GENERAL INFORMATION
fixed length control field 210217b ||||| |||| 00| 0 eng d
020 ## - INTERNATIONAL STANDARD BOOK NUMBER
International Standard Book Number 9788182814257
100 ## - MAIN ENTRY--PERSONAL NAME
Personal name JHINGAN,M.L
245 ## - TITLE STATEMENT
Title Advanced Economic Theory
250 ## - EDITION STATEMENT
Edition statement 14th Ed
260 ## - PUBLICATION, DISTRIBUTION, ETC. (IMPRINT)
Place of publication, distribution, etc New Delhi
Name of publisher, distributor, etc Vrinda Publications
Date of publication, distribution, etc 2019
300 ## - PHYSICAL DESCRIPTION
Extent 748
650 ## - SUBJECT ADDED ENTRY--TOPICAL TERM
Topical term or geographic name as entry element B.Com
700 ## - ADDED ENTRY--PERSONAL NAME
Personal name JHINGAN,B.K
942 ## - ADDED ENTRY ELEMENTS (KOHA)
Source of classification or shelving scheme Dewey Decimal Classification
Koha item type Text Books
Holdings
Withdrawn status Lost status Source of classification or shelving scheme Damaged status Not for loan Collection code Home library Current library Date acquired Source of acquisition Currency Cost, normal purchase price Bill Number Total Checkouts Acc. no. / Barcode Date last seen Actual Cost, discounted price Bill Date Koha item type
    Dewey Decimal Classification     B.Com PIET NCR College Library PIET NCR College Library 17/02/2021 Kirti Praskshan IN Rupees 395.00 IN1612   N814 17/02/2021 292.30 16/02/2021 Reference Books
    Dewey Decimal Classification     B.Com PIET NCR College Library PIET NCR College Library 17/02/2021 Kirti Praskshan IN Rupees 395.00 IN1612   N815 17/02/2021 292.30 16/02/2021 Text Books

Design & Developed by: PIET Central Library
R70 Miles Stone Pattikalyana Samalkha Panipat 132102
mail ID :- [email protected], Phone No:- 0180-2569700 Ex.216